Statistics for Five Biggest US Cities by Time Zone

Click here to take the quiz!

General Stats

  • This quiz has been taken 205 times
    (197 since last reset)
  • The average score is 21 of 30

Answer Stats

Time Zone City % Correct
EasternNew York City
99%
PacificLos Angeles
99%
PacificSan Francisco
96%
PacificSan Diego
96%
EasternPhiladelphia
96%
CentralDallas
96%
PacificSeattle
94%
MountainDenver
94%
MountainPhoenix
94%
CentralChicago
94%
EasternMiami
93%
Hawaii-AleutianHonolulu
93%
CentralHouston
93%
AlaskaAnchorage
90%
AlaskaJuneau
86%
EasternWashington, DC
86%
EasternAtlanta
83%
MountainSalt Lake City
80%
CentralSt. Louis
75%
CentralMinneapolis
73%
AlaskaFairbanks
68%
MountainAlbuquerque
68%
MountainEl Paso
54%
Hawaii-AleutianHilo
40%
PacificRiverside
34%
AlaskaSitka
25%
Hawaii-AleutianKailua-Kona
18%
AlaskaKetchikan
15%
Hawaii-AleutianKahulu
6%
Hawaii-AleutianKapaa
2%

Score Distribution

Percentile by Number Answered

Percent of People with Each Score

Your Score History

You have not taken this quiz since the last reset